Del futuro probable de las clases trabajadoras

Saved in:
Format: Book Chapter
Language:Spanish
Online Access:Para solicitar el texto accesible haga click aquí (sólo para personas con discapacidad)
LEADER 01122naa a22002054a 4500
003 AR-BeUNQ
005 20260303095429.0
007 ta
008 260303s1978 mx 000 0 spa d
999 |c 40130  |d 123930 
040 |a AR-BeUNQ  |b spa  |c AR-BeUNQ  |e aacr 
245 1 0 |a Del futuro probable de las clases trabajadoras  |h [recurso electrónico] /  |c John Stuart Mill. 
256 |a Datos electrónicos (1 archivo doc) 
300 |a recurso electrónico 
500 |a Material digital editado con un formato accesible para uso exclusivo de personas con discapacidad. 
538 |a Requerimientos del material: Procesador de textos y un lector de pantalla. 
594 |a Udi, Juliana  |b LICENCIATURA EN EDUCACIÓN  |c FILOSOFÍA DE LA EDUCACIÓN  |d 2025 
773 |a Mill, John Stuart  |t Principios de economía política.  |d México : Fondo de Cultura Económica, 1978  |g Libro cuarto Influencia del progreso de la sociedad sobre la producción y la distribución, cap. VII, p. 169-175 
856 |z Para solicitar el texto accesible haga click aquí (sólo para personas con discapacidad)  |u https://biblio.unq.edu.ar/consulte/index.php?a=add 
942 |c TA